Web technologies : (Record no. 10488)

MARC details
000 -LEADER
fixed length control field 01258cam a2200313 a 4500
090 ## - LOCALLY ASSIGNED LC-TYPE CALL NUMBER (OCLC); LOCAL CALL NUMBER (OCLC)
-- 0
001 - CONTROL NUMBER
control field 14411982
005 - DATE AND TIME OF LATEST TRANSACTION
control field 20061212173651.0
008 - FIXED-LENGTH DATA ELEMENTS--GENERAL INFORMATION
fixed length control field 060613s2007 njuab b 001 0 eng
010 ## - LIBRARY OF CONGRESS CONTROL NUMBER
LC control number 2006019529
020 ## - INTERNATIONAL STANDARD BOOK NUMBER
International Standard Book Number 0131856030
035 ## - SYSTEM CONTROL NUMBER
System control number (OCoLC)ocm70158405
035 ## - SYSTEM CONTROL NUMBER
System control number (OCoLC)70158405
040 ## - CATALOGING SOURCE
Original cataloging agency DLC
Transcribing agency DLC
Modifying agency BAKER
-- C#P
-- BTCTA
-- YDXCP
-- DLC
050 00 - LIBRARY OF CONGRESS CALL NUMBER
Classification number TK5105.88813
Item number .J33 2007
082 00 - DEWEY DECIMAL CLASSIFICATION NUMBER
Classification number 006.76
Edition number 22
Item number JAC
100 1# - MAIN ENTRY--PERSONAL NAME
Personal name Jackson, Jeffrey C.
245 10 - TITLE STATEMENT
Title Web technologies :
Remainder of title A computer science perspective /
Statement of responsibility, etc Jeffrey C. Jackson.
260 ## - PUBLICATION, DISTRIBUTION, ETC. (IMPRINT)
Place of publication, distribution, etc Upper Saddle River, N.J. :
Name of publisher, distributor, etc Pearson/Prentice Hall,
Date of publication, distribution, etc c2007.
300 ## - PHYSICAL DESCRIPTION
Extent xvi, 574 p. :
Other physical details ill., map ;
Dimensions 24 cm.
504 ## - BIBLIOGRAPHY, ETC. NOTE
Bibliography, etc Includes bibliographical references (p. 551-555) and index.
650 #0 - SUBJECT ADDED ENTRY--TOPICAL TERM
Topical term or geographic name as entry element Web services.
650 #0 - SUBJECT ADDED ENTRY--TOPICAL TERM
Topical term or geographic name as entry element World Wide Web.
650 #0 - SUBJECT ADDED ENTRY--TOPICAL TERM
Topical term or geographic name as entry element Internet programming.
856 41 - ELECTRONIC LOCATION AND ACCESS
Materials specified Table of contents
Uniform Resource Identifier <a href="http://www.loc.gov/catdir/toc/ecip0615/2006019529.html">http://www.loc.gov/catdir/toc/ecip0615/2006019529.html</a>
942 ## - ADDED ENTRY ELEMENTS (KOHA)
Source of classification or shelving scheme Dewey Decimal Classification
Item type Book - Borrowing
Holdings
Withdrawn status Item status Source of classification or shelving scheme Damaged status Not for loan Vendor Home library Current library Shelving location Date acquired Source of acquisition Cost, normal purchase price Serial Enumeration / chronology Total Checkouts Total Renewals Full call number Barcode Date last seen Date last borrowed Koha item type
    Dewey Decimal Classification     Alahram Central Library Central Library Lower Floor 28/01/2009   228.50 6471 3 1 006.76 JAC 000014357 15/07/2025 28/02/2016 Book - Borrowing